Capitals with the Longest Names - Statistics

General Stats
  • This quiz has been taken 44 times
  • The average score is 20 of 39
Answer Stats
Letters Capital City Continent % Correct
23 Sri Jayawardenepura Kotte
89%
10 Mexico City
79%
14 Andorra la Vella
74%
11 Buenos Aires
74%
13 Guatemala City
74%
10 Washington
74%
11 Ouagadougou
68%
10 Panama City
68%
10 Addis Ababa
63%
12 Antananarivo
63%
17 Bandar Seri Begawan
63%
11 Kuala Lumpur
58%
10 Luxembourg
58%
11 Vatican City
58%
12 Yamoussoukro
58%
10 Copenhagen
53%
12 Port-au-Prince
53%
11 Port-of-Spain
53%
12 Santo Domingo
53%
11 Tegucigalpa
53%
11 Ulaanbaatar
53%
10 Wellington
53%
12 Bloemfontein
47%
11 Brazzaville
47%
10 Basseterre
42%
10 Kuwait City
42%
11 Port Moresby
42%
10 Saint John's
42%
11 San Salvador
42%
10 Nouakchott
37%
10 Paramaribo
37%
12 Saint George's
37%
10 Bratislava
32%
13 Ciudad de la Paz
32%
10 Georgetown
32%
11 South Tarawa
32%
10 Libreville
26%
10 Montevideo
26%
10 Bridgetown
21%
No matching quizzes found
Score Distribution
Percent of People with Each Score
Percentile by Number Answered
Your Score History
You have not taken this quiz